Visual basic design patterns
Uloženo v:
| Hlavní autor: | |
|---|---|
| Médium: | Kniha |
| Jazyk: | Undetermined |
| Vydáno: |
Indianapolis
Wiley publishing
2005
|
| Témata: | |
| Tagy: |
Přidat tag
Žádné tagy, Buďte první, kdo otaguje tento záznam!
|
| Thư viện lưu trữ: | Trung tâm Học liệu Trường Đại học Cần Thơ |
|---|
| LEADER | 00553nam a2200193Ia 4500 | ||
|---|---|---|---|
| 001 | CTU_100757 | ||
| 008 | 210402s9999 xx 000 0 und d | ||
| 020 | |c 719000 | ||
| 082 | |a 005.2768 | ||
| 082 | |b G751 | ||
| 100 | |a Grand, Mark | ||
| 245 | 0 | |a Visual basic design patterns | |
| 245 | 0 | |c Mark Grand, Brad Merrill | |
| 260 | |a Indianapolis | ||
| 260 | |b Wiley publishing | ||
| 260 | |c 2005 | ||
| 650 | |a Microsoft visual Basic,Basic ( Computer program language ) | ||
| 904 | |i Vương | ||
| 980 | |a Trung tâm Học liệu Trường Đại học Cần Thơ | ||